LEADER 01236nam--2200385---450- 001 990000531780203316 005 20091127110030.0 035 $a0053178 035 $aUSA010053178 035 $a(ALEPH)000053178USA01 035 $a0053178 100 $a20010629d1989----km-y0itay0103----ba 101 $aita 102 $aIT 105 $a||||||||001yy 200 1 $aContributo allo studio dei procedimenti autorizzatori$fPaolo dell'Anno 210 $aPadova$cCEDAM$d1989 215 $aVIII, 325 p.$d24 cm 225 2 $aUrbanistica, opere pubbliche$v27 410 $12001$aUrbanistica, opere pubbliche$v27 606 0 $aAutorizzazioni amministrative 606 0 $aConcessioni amministrative 676 $a343.4506 700 1$aDELL'ANNO,$bPaolo$032768 801 0$aIT$bsalbc$gISBD 912 $a990000531780203316 951 $aXXIV.3. Coll. 1/ 21 (COLL. HHE 27)$b17891 G$cXXIV.3. Coll. 1/ 21 (COLL. HHE)$d00247707 959 $aBK 969 $aGIU 979 $aPATTY$b90$c20010629$lUSA01$h1159 979 $c20020403$lUSA01$h1702 979 $aPATRY$b90$c20040406$lUSA01$h1637 979 $aRSIAV3$b90$c20091127$lUSA01$h1100 996 $aContributo allo studio dei procedimenti autorizzatori$9688662 997 $aUNISA LEADER 00900nam0-22002891i-450 001 990001700110403321 005 20190529131331.0 035 $a000170011 035 $aFED01000170011 035 $a(Aleph)000170011FED01 035 $a000170011 100 $a20030910d1978----km-y0itay50------ba 101 0 $afre 200 1 $aAccelerons encore l'edification du socialisme en arborant le drapeau des idees du Djoutche$fKim il Sung 210 $aPyongyang$cRep. Pop. Dem. de Coree$d1978 215 $a47 p$d18 cm 610 0 $aPolitica 610 0 $aCorea 676 $a320 700 1$aKim,$bIl-song$f<1912-1994>$072117 801 0$aIT$bUNINA$gRICA$2UNIMARC 901 $aLG 912 $a990001700110403321 952 $a60 OP. 107/13$b46497$fFAGBC 959 $aFAGBC 996 $aAccelerons encore l'edification du socialisme en arborant le drapeau des idees du Djoutche$9362500 997 $aUNINA